Diseño de las instalaciones Hidrosanitarias de un edificio de cuatro niveles para uso de oficinas

Presenta el diseño de las instalaciones Hidrosanitarias de un edificio de cuatro niveles para uso de oficinas para el cual se realizó el diseño de la red de agua potable, le red de aguas negras, diseño de la estación de bombeo, diseño del sistema de control de incendio la elaboración de los p...

Full description

Bibliographic Details
Main Author: Rodríguez Guevara Mario
Other Authors: Tutor: Blanco Chávez, Miguel Enrique
Format: Tesis Section = Libro
Language:Undetermined
Spanish
Published: Managua UNI 2010
Subjects:
LEADER 01172nam a2200241Ia 4500
008 240830s9999 xx 000 0 und d
040 |a BIBLIOTECA-RUPAP T.Mon 628.1 R696 
041 |a spa 
082 |a T.Mon 628.1 R696 
100 1 |a Rodríguez Guevara Mario 
245 1 0 |a Diseño de las instalaciones Hidrosanitarias de un edificio de cuatro niveles para uso de oficinas 
260 |a Managua  |b UNI  |c 2010 
300 |a 110 p. :il. 
500 |a Contiene: anexos. 
502 |a Tesis (Ingeniero Civil)- UNI, 2010. 
520 3 |a Presenta el diseño de las instalaciones Hidrosanitarias de un edificio de cuatro niveles para uso de oficinas para el cual se realizó el diseño de la red de agua potable, le red de aguas negras, diseño de la estación de bombeo, diseño del sistema de control de incendio la elaboración de los planos, especificaciones, técnicas de construcción y el diseño del sistema de drenaje pluvial. 
650 7 |a ABASTECIMIENTO DE AGUA POTABLE 
650 7 |b INSTALACIONES HIDROSANITARIAS 
650 7 |c SISTEMA DE DRENAJE PLUVIAL 
700 1 |a Tutor:  |b Blanco Chávez, Miguel Enrique 
942 |c BK  |2 ddc 
991 |a TESIS 
999 |c 18440